[Event "Berlin Spandau op 1st"]
[Site "Berlin"]
[Date "2015.12.29"]
[Round "6"]
[White "Mischuk, Dmitry"]
[Black "Odnorozhenko, Kateryna"]
[Result "1-0"]
[WhiteElo "2332"]
[BlackElo "2125"]
[PlyCount "41"]
[EventDate "2015.12.27"]
[EventType "swiss"]
[EventRounds "7"]
[EventCountry "GER"]
[SourceTitle "EXT 2022"]
[Source "ChessBase"]
[SourceDate "2021.10.06"]
[SourceVersion "1"]
[SourceVersionDate "2021.10.06"]
[SourceQuality "1"]

1. e4 c5 2. Nf3 Nc6 3. d4 cxd4 4. Nxd4 Nf6 5. Nc3 d6 6. Bc4 g6 7. f3 Bg7 8. Be3 0-0 9. Qd2 Bd7 10. Bb3 Rc8 11. 0-0-0 a6 12. h4 h5 13. Nxc6 Bxc6 14. g4 hxg4 15. h5 gxh5 16. Bh6 Qa5 17. Bd5 Bxd5 18. Qg5 Ne8 19. Nxd5 Kh8 20. Bxg7+ Nxg7 21. Qh6+ 1-0